<?xml version="1.0" encoding="UTF-8"?>
<record
    xmlns:xsi="http://www.w3.org/2001/XMLSchema-instance"
    xsi:schemaLocation="http://www.loc.gov/MARC21/slim http://www.loc.gov/standards/marcxml/schema/MARC21slim.xsd"
    xmlns="http://www.loc.gov/MARC21/slim">

  <leader>00723nas a22002297a 4500</leader>
  <controlfield tag="003">NALT</controlfield>
  <controlfield tag="005">20240328134907.0</controlfield>
  <controlfield tag="006">a|||p|r|||| 00| 0 </controlfield>
  <controlfield tag="007">ta</controlfield>
  <controlfield tag="008">240328b        th |||p| |||| 00| 0 tha d</controlfield>
  <datafield tag="022" ind1=" " ind2=" ">
    <subfield code="a">00029300</subfield>
  </datafield>
  <datafield tag="040" ind1=" " ind2=" ">
    <subfield code="a">NALT</subfield>
  </datafield>
  <datafield tag="041" ind1=" " ind2=" ">
    <subfield code="a">eng</subfield>
  </datafield>
  <datafield tag="245" ind1=" " ind2=" ">
    <subfield code="a">American Journal of International Law</subfield>
  </datafield>
  <datafield tag="260" ind1=" " ind2=" ">
    <subfield code="a">Cambridge University Press</subfield>
  </datafield>
  <datafield tag="310" ind1=" " ind2=" ">
    <subfield code="a">Quarterly (&#xE23;&#xE32;&#xE22;&#xE2A;&#xE32;&#xE21;&#xE40;&#xE14;&#xE37;&#xE2D;&#xE19;)</subfield>
  </datafield>
  <datafield tag="650" ind1=" " ind2="0">
    <subfield code="a">&#xE01;&#xE0E;&#xE2B;&#xE21;&#xE32;&#xE22;&#xE23;&#xE30;&#xE2B;&#xE27;&#xE48;&#xE32;&#xE07;&#xE1B;&#xE23;&#xE30;&#xE40;&#xE17;&#xE28;</subfield>
    <subfield code="9">9812</subfield>
  </datafield>
  <datafield tag="850" ind1=" " ind2=" ">
    <subfield code="a">NALT</subfield>
  </datafield>
  <datafield tag="942" ind1=" " ind2=" ">
    <subfield code="2">local</subfield>
    <subfield code="c">JNR</subfield>
    <subfield code="s">1</subfield>
  </datafield>
  <datafield tag="952" ind1=" " ind2=" ">
    <subfield code="0">0</subfield>
    <subfield code="1">0</subfield>
    <subfield code="2">lcc</subfield>
    <subfield code="4">0</subfield>
    <subfield code="7">0</subfield>
    <subfield code="8">CPER</subfield>
    <subfield code="a">NALT</subfield>
    <subfield code="b">NALT</subfield>
    <subfield code="c">JNR</subfield>
    <subfield code="d">2024-03-29</subfield>
    <subfield code="e">&#xE1A;&#xE23;&#xE34;&#xE08;&#xE32;&#xE04;</subfield>
    <subfield code="h">Vol. 118 No. 1 (January 2024)</subfield>
    <subfield code="l">0</subfield>
    <subfield code="p">2900035314</subfield>
    <subfield code="r">2024-03-29</subfield>
    <subfield code="u">https://search-library.parliament.go.th/files/cover/Cover-journal/AJIL/AJI_v118n1.jpg</subfield>
    <subfield code="w">2024-03-29</subfield>
    <subfield code="y">JNR</subfield>
  </datafield>
  <datafield tag="952" ind1=" " ind2=" ">
    <subfield code="0">0</subfield>
    <subfield code="1">0</subfield>
    <subfield code="2">lcc</subfield>
    <subfield code="4">0</subfield>
    <subfield code="7">0</subfield>
    <subfield code="8">CPER</subfield>
    <subfield code="a">NALT</subfield>
    <subfield code="b">NALT</subfield>
    <subfield code="c">JNR</subfield>
    <subfield code="d">2024-07-10</subfield>
    <subfield code="e">&#xE1A;&#xE23;&#xE34;&#xE08;&#xE32;&#xE04;</subfield>
    <subfield code="h">Vol. 118 No. 2 (April 2024)</subfield>
    <subfield code="l">0</subfield>
    <subfield code="p">2900035530</subfield>
    <subfield code="r">2024-07-10</subfield>
    <subfield code="u">https://search-library.parliament.go.th/files/cover/Cover-journal/AJIL/AJI_v118n2.jpg</subfield>
    <subfield code="w">2024-07-10</subfield>
    <subfield code="y">JNR</subfield>
  </datafield>
  <datafield tag="952" ind1=" " ind2=" ">
    <subfield code="0">0</subfield>
    <subfield code="1">0</subfield>
    <subfield code="2">lcc</subfield>
    <subfield code="4">0</subfield>
    <subfield code="7">0</subfield>
    <subfield code="8">CPER</subfield>
    <subfield code="a">NALT</subfield>
    <subfield code="b">NALT</subfield>
    <subfield code="c">JNR</subfield>
    <subfield code="d">2025-01-07</subfield>
    <subfield code="e">&#xE1A;&#xE23;&#xE34;&#xE08;&#xE32;&#xE04;</subfield>
    <subfield code="h">Vol. 118 No. 3 (July 2024)</subfield>
    <subfield code="p">2900035859</subfield>
    <subfield code="r">2025-01-07</subfield>
    <subfield code="u">https://search-library.parliament.go.th/files/cover/Cover-journal/AJIL/AJI_v118n3.jpg</subfield>
    <subfield code="w">2025-01-07</subfield>
    <subfield code="y">JNR</subfield>
  </datafield>
  <datafield tag="952" ind1=" " ind2=" ">
    <subfield code="0">0</subfield>
    <subfield code="1">0</subfield>
    <subfield code="2">lcc</subfield>
    <subfield code="4">0</subfield>
    <subfield code="7">0</subfield>
    <subfield code="8">CPER</subfield>
    <subfield code="a">NALT</subfield>
    <subfield code="b">NALT</subfield>
    <subfield code="c">JNR</subfield>
    <subfield code="d">2025-02-06</subfield>
    <subfield code="e">&#xE1A;&#xE23;&#xE34;&#xE08;&#xE32;&#xE04;</subfield>
    <subfield code="h">Vol. 118 No. 4 (October 2024)</subfield>
    <subfield code="l">0</subfield>
    <subfield code="p">2900035917</subfield>
    <subfield code="r">2025-02-06</subfield>
    <subfield code="u">https://search-library.parliament.go.th/files/cover/Cover-journal/AJIL/AJI_v118n4.jpg</subfield>
    <subfield code="w">2025-02-06</subfield>
    <subfield code="y">JNR</subfield>
  </datafield>
  <datafield tag="952" ind1=" " ind2=" ">
    <subfield code="0">0</subfield>
    <subfield code="1">0</subfield>
    <subfield code="2">lcc</subfield>
    <subfield code="4">0</subfield>
    <subfield code="7">0</subfield>
    <subfield code="8">CPER</subfield>
    <subfield code="a">NALT</subfield>
    <subfield code="b">NALT</subfield>
    <subfield code="c">JNR</subfield>
    <subfield code="d">2025-04-11</subfield>
    <subfield code="e">&#xE08;&#xE31;&#xE14;&#xE0B;&#xE37;&#xE49;&#xE2D;</subfield>
    <subfield code="h">Vol. 119 No. 1 (January 2025)</subfield>
    <subfield code="l">0</subfield>
    <subfield code="p">2900036010</subfield>
    <subfield code="r">2025-04-11</subfield>
    <subfield code="u">https://search-library.parliament.go.th/files/cover/Cover-journal/AJIL/AJI_v119n1.jpg</subfield>
    <subfield code="w">2025-04-11</subfield>
    <subfield code="y">JNR</subfield>
  </datafield>
  <datafield tag="952" ind1=" " ind2=" ">
    <subfield code="0">0</subfield>
    <subfield code="1">0</subfield>
    <subfield code="2">lcc</subfield>
    <subfield code="4">0</subfield>
    <subfield code="7">0</subfield>
    <subfield code="8">CPER</subfield>
    <subfield code="a">NALT</subfield>
    <subfield code="b">NALT</subfield>
    <subfield code="c">JNR</subfield>
    <subfield code="d">2025-06-20</subfield>
    <subfield code="e">&#xE08;&#xE31;&#xE14;&#xE0B;&#xE37;&#xE49;&#xE2D;</subfield>
    <subfield code="h">Vol. 119 No. 2 (April 2025)</subfield>
    <subfield code="l">0</subfield>
    <subfield code="p">2900036142</subfield>
    <subfield code="r">2025-06-20</subfield>
    <subfield code="u">https://search-library.parliament.go.th/files/cover/Cover-journal/AJIL/AJI_v119n2.jpg</subfield>
    <subfield code="w">2025-06-20</subfield>
    <subfield code="y">JNR</subfield>
  </datafield>
  <datafield tag="996" ind1=" " ind2=" ">
    <subfield code="a">jintana.i</subfield>
    <subfield code="b">SERSTF</subfield>
    <subfield code="c">2024-03-28</subfield>
  </datafield>
  <datafield tag="999" ind1=" " ind2=" ">
    <subfield code="c">105034</subfield>
    <subfield code="d">105034</subfield>
  </datafield>
  <datafield tag="998" ind1=" " ind2=" ">
    <subfield code="h">755</subfield>
    <subfield code="j">755</subfield>
    <subfield code="k"> &#xE08;&#xE34;&#xE19;&#xE15;&#xE19;&#xE32;  &#xE40;&#xE2D;&#xE35;&#xE48;&#xE22;&#xE21;&#xE04;&#xE07;</subfield>
  </datafield>
</record>
